| 000 | 01239nam0a22003011 4500 | ||
|---|---|---|---|
| 001 | RU\INFOCOMM_322\NLR\5000228212 | ||
| 005 | 20250613112209.0 | ||
| 035 | _a(NLR Aleph) 009606027 | ||
| 090 |
_a9341380 _c9341380 |
||
| 100 | _a20130313d1974 |||y0rusy50 ca | ||
| 101 | 0 | _aeng | |
| 102 | _aRU | ||
| 105 | _ay z ||||| | ||
| 200 | 1 |
_aFormulas of estimating the compressive strength of polymer-modified mortars _eSupplementary paper _fYo. Ohama ... (Japan) _gThe VI Intern. congr. on the chemistry of cement, Moscow, Sept., 1974 |
|
| 210 |
_aM. _d1974 |
||
| 215 |
_a11 с. _cграф. _d21 см |
||
| 300 | _aНа обороте тит. л.: Е. Охама. Формулы для оценки прочности при сжатии полимерцементных растворов. Доп. докл. | ||
| 320 | _aБиблиогр.: с. 11 | ||
| 606 | 0 |
_aПолимербетоны _xРасчет на прочность _2nlr_sh1 |
|
| 620 | _aМосква | ||
| 686 |
_aН332.9 _2rubbk |
||
| 700 | 1 |
_aOhama _bY. _gYo |
|
| 712 | 1 | 2 |
_aInternational symposium on the chemistry of cement _d6 _eMoscow _f1974 _4570 |
| 801 | 1 |
_aRU _bInfocomm _c20130313 |
|
| 801 | 0 |
_aRU _bINFOCOMM _gPSBO |
|
| 852 |
_aNLR _jТ45 Д-4/339 |
||
| 942 | _cBOOK | ||
| 980 | _aNB | ||